| 000 | 00391nam a2200169Ia 4500 | ||
|---|---|---|---|
| 001 | 8871 | ||
| 005 | 20250626030141.0 | ||
| 008 | 211022s9999 xx 000 0 und d | ||
| 082 | _a791.4302 TUM | ||
| 100 | _aTumminello, Wendy | ||
| 245 | 0 | _aExploring story boarding | |
| 260 | _aCaliforn Park | ||
| 260 | _bThomson Delmar Learning inc. | ||
| 260 | _c2005 | ||
| 300 | _a270 | ||
| 942 | _cBK | ||
| 999 |
_c7542 _d7542 |
||